Biggest Trading Partners - Belgium - Statistics

General Stats
  • This quiz has been taken 36 times
  • The average score is 28 of 30
Answer Stats
Exports Country % Correct
80.74 bil France
100%
49.79 bil France
100%
91.65 bil Germany
100%
79.06 bil Germany
100%
55.72 bil Netherlands
100%
89.46 bil Netherlands
100%
14.92 bil Spain
100%
8.32 bil Spain
100%
32.93 bil United Kingdom
100%
25.92 bil United Kingdom
100%
22.30 bil United States
100%
24.89 bil United States
100%
4.54 bil China
97%
18.85 bil China
97%
20.88 bil Italy
97%
14.25 bil Italy
97%
6.28 bil Sweden
97%
9.18 bil Sweden
97%
12.11 bil Japan
94%
6.99 bil Poland
91%
5.09 bil Russia
91%
8.05 bil Russia
91%
6.14 bil Switzerland
91%
8.09 bil Luxembourg
82%
6.45 bil Norway
82%
4.87 bil Turkey
82%
7.04 bil India
79%
5.23 bil India
79%
18.59 bil Ireland
76%
4.08 bil Brazil
70%
No matching quizzes found
Score Distribution
Percent of People with Each Score
Percentile by Number Answered
Your Score History
You have not taken this quiz